00577nam a2200169Ia 4500008004100000082001800041100001700059245003400076250000600110260003300116300000800149630003400157730003400191942000900225999001900234952015400253100122s9999 xx 000 0 und d b65084a954.01 aMAJUMDAR R C aTHE STRUGGLE FOR EMPIRE (4/4) a0 bBHARATIYA VIDYA BHAVANc2001 a940 aTHE STRUGGLE FOR EMPIRE (4/4) aTHE STRUGGLE FOR EMPIRE (4/4) cBOOK c379833d379830 00104070aSVPPARLEbSVPPARLEc4-Aprd2008-03-31g500.00l0o65084pSVPPARLE-65084r2010-01-25 00:00:00v500.00w2010-01-25yBOOKz", , General, NA"